Accountancy <the> journal of the institute of chartered accountants in England and Wales

Na minha lista:
Detalhes bibliográficos
Formato: Periódico
Idioma:inglês
Publicado em: London Institute of Chartered Accountants in England and Wales 1982
Tags: Adicionar Tag
Sem tags, seja o primeiro a adicionar uma tag!

MARC

LEADER 00000nas2a22000001 4500
001 s123079
005 20250730114214.1
041 0 |a eng 
044 |a GB 
245 1 0 |a Accountancy  |b <the> journal of the institute of chartered accountants in England and Wales 
264 1 |a London  |b Institute of Chartered Accountants in England and Wales  |c 1982 
300 |a 2 zv. 
773 0 |w eu_un_cat*s120301